000 00271nam a2200109Ia 4500
008 190216s9999||||xx |||||||||||||| ||und||
100 _aMuhamed Sulthanul Mausoon
245 0 _aHalil Muslim
260 _bMac Millian And Com. Ltd
650 _aIslamic History
942 _cBK
999 _c22060
_d22060